The Botany Of South Kanara District (Record no. 592358)

MARC details
000 -LEADER
fixed length control field 00435nam a2200145 a 4500
008 - FIXED-LENGTH DATA ELEMENTS--GENERAL INFORMATION
fixed length control field 251018s1998##################000#0#eng##
020 ## - INTERNATIONAL STANDARD BOOK NUMBER
ISBN 9788176250313
082 04 - DEWEY DECIMAL CLASSIFICATION NUMBER
Classification number 582.0954
Item number ARO
100 1# - MAIN ENTRY--AUTHOR NAME
Personal name Arora,r.k.
245 10 - TITLE STATEMENT
Title The Botany Of South Kanara District
Statement of responsibility, etc R.K. Arora, B.M. Wadhawa , M.B. Raizada
260 ## - PUBLICATION, DISTRIBUTION, ETC. (IMPRINT)
Year of publication 1981
Place of publication Dehradun
Name of publisher M/s Bishen Singh Mahendra Pal Singh
650 ## - SUBJECT ADDED ENTRY--TOPICAL TERM
Topical Term Botany
942 ## - ADDED ENTRY ELEMENTS (KOHA)
Koha item type English Books
Holdings
Withdrawn status Lost status Damaged status Not for loan Home library Current library Shelving location Date acquired Full call number Accession Number Price effective from Koha item type
        Anna Centenary Library Anna Centenary Library 5TH FLOOR, B WING 18.10.2025 582.0954 ARO 173081 18.10.2025 English Books

Find us on the map